00601nam a22002057a 450000500170000001000430001702000260006003500140008603500200010003700180012003700130013808200110015110000200016224500760018226000390025827000450029730000240034250000230036670000060038920180615121726.0 a1718EN-30ENG-122043 B-688940-951  a9781137608345c595.00 aEN-105575 aB-688940-951  bAtlanticadpl bDBAD/PUB a883.08 aMarsh, Nicholas aEmily Bronte;cby Nicholas Marshbwuthering heights (analysing texts) / aNew YorkbPalgrave Macmillanc2016 a175, Fifth Avaenue, bNew YorkeNY-10010v axi,235p.c21cm(pbk) a: Includes index  a